[Event "Rheinhausen-ch 11th"]
[Site "Duisburg Rheinhausen"]
[Date "2007.03.16"]
[Round "6"]
[White "Michels, Rene"]
[Black "Sapmaz, Gueney Alp"]
[Result "1-0"]
[WhiteElo "1524"]
[BlackElo "1471"]
[PlyCount "91"]
[EventDate "2007.01.12"]
[EventType "swiss"]
[EventRounds "7"]
[EventCountry "GER"]
[SourceTitle "EXT 2018"]
[Source "ChessBase"]
[SourceDate "2017.10.13"]
[SourceVersion "1"]
[SourceVersionDate "2017.10.13"]
[SourceQuality "1"]

1. Nf3 Nf6 2. e3 c5 3. Be2 Nc6 4. d4 cxd4 5. Nxd4 g6 6. c3 Bg7 7. Nd2 e5 8. Nxc6 bxc6 9. Nc4 Qc7 10. Nd6+ Ke7 11. Nxc8+ Raxc8 12. b3 Rhd8 13. Bb2 d5 14. 0-0 h5 15. Qc2 e4 16. c4 Bh8 17. cxd5 cxd5 18. Ba3+ Ke6 19. Qd2 Ng4 20. Bxg4+ hxg4 21. Rac1 Qe5 22. Qa5 Qb8 23. Rfd1 Rxc1 24. Rxc1 Be5 25. Qa6+ Kf5 26. g3 Re8 27. Rc6 Re6 28. Rxe6 fxe6 29. Bc5 Qa8 30. Qxa7 Qxa7 31. Bxa7 Bf6 32. a4 Bd8 33. b4 Ke5 34. Bc5 d4 35. exd4+ Kd5 36. b5 Ba5 37. b6 Kc6 38. Kf1 Bxb6 39. Bxb6 Kxb6 40. Ke2 Ka5 41. Ke3 Kxa4 42. Kxe4 Kb4 43. f3 gxf3 44. Kxf3 Kc4 45. Ke4 Kc3 46. h4 1-0

[Event "Rheinhausen-ch 10th"]
[Site "Duisburg Rheinhausen"]
[Date "2006.02.17"]
[Round "4.12"]
[White "Glende, Siegfried"]
[Black "Sapmaz, Gueney Alp"]
[Result "1-0"]
[WhiteElo "1712"]
[BlackElo "1447"]
[PlyCount "85"]
[EventDate "2006.01.06"]
[EventType "swiss"]
[EventRounds "7"]
[EventCountry "GER"]
[SourceTitle "EXT 2007"]
[Source "ChessBase"]
[SourceDate "2006.11.23"]
[SourceVersion "1"]
[SourceVersionDate "2006.11.23"]
[SourceQuality "1"]

1. c4 Nc6 2. Nc3 Nf6 3. e4 e5 4. d3 Bc5 5. a3 a6 6. Be3 Bxe3 7. fxe3 d6 8. Be2 Qe7 9. Nf3 b6 10. 0-0 0-0 11. Nd5 Nxd5 12. cxd5 Nd8 13. Rc1 Bb7 14. Qe1 c6 15. dxc6 Nxc6 16. Qg3 Qe6 17. Nh4 g6 18. Nf5 Kh8 19. Nh6 Qe7 20. Ng4 f6 21. Qh4 Kg7 22. Qh6+ Kh8 23. Rf3 Rf7 24. Rcf1 Raf8 25. Qh4 Kg7 26. Nh6 f5 27. Qh3 Rf6 28. exf5 g5 29. Ng4 Nd4 30. exd4 Bxf3 31. Bxf3 exd4 32. Nxf6 Rxf6 33. Be4 Qe5 34. Qg4 h6 35. h4 d5 36. hxg5 hxg5 37. Qxg5+ Kf7 38. Qh5+ Kg7 39. Qg5+ Kf7 40. Bf3 Qe3+ 41. Qxe3 dxe3 42. Bxd5+ Kg7 43. Be4 1-0

[Event "NRW-ch U12"]
[Site "Kranenburg"]
[Date "2005.03.30"]
[Round "4"]
[White "Sapmaz, Gueney Alp"]
[Black "Rosenfeld, Elisabeth"]
[Result "0-1"]
[WhiteElo "1418"]
[BlackElo "1153"]
[PlyCount "100"]
[EventDate "2005.03.28"]
[EventType "swiss"]
[EventRounds "7"]
[EventCountry "GER"]
[SourceTitle "CBM 105 Extra"]
[Source "ChessBase"]
[SourceDate "2005.05.01"]
[SourceVersion "1"]
[SourceVersionDate "2005.05.01"]
[SourceQuality "1"]

1. e4 e5 2. Nf3 Nf6 3. Nxe5 d6 4. Nf3 Nxe4 5. Bd3 Nf6 6. 0-0 Be7 7. h3 0-0 8. c3 Nc6 9. Bc2 Be6 10. d4 d5 11. Re1 Qd7 12. Bg5 h6 13. Bh4 Rae8 14. Qd3 g6 15. Bxf6 Bxf6 16. Re3 Bf5 17. Qd2 Be4 18. Bxe4 dxe4 19. Ne5 Nxe5 20. dxe5 Qxd2 21. Nxd2 Rxe5 22. Rxe4 Rd5 23. Nf3 Rfd8 24. Rae1 Kf8 25. c4 Rd1 26. b3 Bc3 27. Re8+ Rxe8 28. Rxd1 Re2 29. Nd4 Ke8 30. Kf1 Rd2 31. Nb5 Rxd1+ 32. Ke2 Rc1 33. Nxc3 Rc2+ 34. Ke3 f5 35. g3 g5 36. Nb5 c6 37. Nd4 f4+ 38. gxf4 gxf4+ 39. Kf3 Rxa2 40. Nf5 h5 41. Ng7+ Kf7 42. Nxh5 Ra3 43. Nxf4 Rxb3+ 44. Kg4 Kf6 45. Nh5+ Kf7 46. f4 a5 47. h4 a4 48. Ng3 a3 49. h5 a2 50. h6 a1Q 0-1

[Event "NRW-ch U12"]
[Site "Kranenburg"]
[Date "2005.03.29"]
[Round "2"]
[White "Radler, Alexander"]
[Black "Sapmaz, Gueney Alp"]
[Result "1/2-1/2"]
[WhiteElo "1239"]
[BlackElo "1418"]
[PlyCount "86"]
[EventDate "2005.03.28"]
[EventType "swiss"]
[EventRounds "7"]
[EventCountry "GER"]
[SourceTitle "CBM 105 Extra"]
[Source "ChessBase"]
[SourceDate "2005.05.01"]
[SourceVersion "1"]
[SourceVersionDate "2005.05.01"]
[SourceQuality "1"]

1. e4 c5 2. c3 Nf6 3. e5 Nd5 4. d4 e6 5. Bc4 Nb6 6. Bb3 Nc6 7. Be3 cxd4 8. cxd4 d6 9. f4 d5 10. Nc3 Be7 11. Nb5 a6 12. Nc3 0-0 13. Nf3 Na5 14. 0-0 Nac4 15. Qe2 Nxe3 16. Qxe3 Nd7 17. Rac1 b5 18. Ne2 Bb7 19. Rc2 Nb6 20. Rfc1 Rc8 21. Rxc8 Bxc8 22. Rc2 Qd7 23. Qc1 Na8 24. Ng3 Bb7 25. Nh5 g6 26. Nf6+ Bxf6 27. exf6 Qd8 28. Ne5 Re8 29. f5 Qxf6 30. fxg6 fxg6 31. Rf2 Qd8 32. Qh6 Rf8 33. Bc2 Rxf2 34. Kxf2 Qf6+ 35. Kg1 Qg7 36. Qf4 Qf8 37. Qg5 Qe8 38. Qf6 Bc8 39. Qg5 Nb6 40. Ng4 Nd7 41. Nh6+ Kg7 42. Ng4 Kh8 43. Qh6 Qf8 1/2-1/2

[Event "Rheinhausen op"]
[Site "Duisburg"]
[Date "2005.01.14"]
[Round "2"]
[White "Ossig, Benjamin"]
[Black "Sapmaz, Gueney Alp"]
[Result "1-0"]
[WhiteElo "1639"]
[BlackElo "1333"]
[PlyCount "79"]
[EventDate "2005.01.07"]
[EventType "swiss"]
[EventRounds "7"]
[EventCountry "GER"]
[SourceTitle "EXT 2006"]
[Source "ChessBase"]
[SourceDate "2005.11.24"]
[SourceVersion "1"]
[SourceVersionDate "2005.11.24"]
[SourceQuality "1"]

1. e4 c5 2. Nc3 d6 3. Bb5+ Bd7 4. Bxd7+ Nxd7 5. Nge2 g6 6. d4 cxd4 7. Qxd4 Ngf6 8. f3 Bg7 9. Qf2 Qb6 10. Be3 Qxb2 11. 0-0 Qxc2 12. Rac1 Qd3 13. Rfd1 Qa6 14. Nd5 Nxd5 15. exd5 b6 16. Nd4 Nc5 17. Nc6 Qb7 18. Bd4 0-0 19. Bxg7 Kxg7 20. f4 Rfe8 21. g4 e6 22. h4 exd5 23. Qd4+ Kg8 24. Qxd5 Rac8 25. Nb4 Qxd5 26. Nxd5 Kg7 27. g5 Ne4 28. Re1 Rxc1 29. Rxc1 Nc5 30. Re1 Rd8 31. Re7 Nd7 32. Nb4 Nc5 33. Rxa7 d5 34. Kf1 d4 35. Nc6 Rd6 36. Ne5 Kg8 37. Nxf7 Rd5 38. Nh6+ Kh8 39. Ra8+ Kg7 40. Rg8# 1-0

[Event "Rheinhausen op"]
[Site "Duisburg"]
[Date "2005.01.07"]
[Round "1"]
[White "Sapmaz, Gueney Alp"]
[Black "Feldhaus, Sebastian"]
[Result "0-1"]
[WhiteElo "1333"]
[BlackElo "1785"]
[PlyCount "44"]
[EventDate "2005.01.07"]
[EventType "swiss"]
[EventRounds "7"]
[EventCountry "GER"]
[SourceTitle "EXT 2006"]
[Source "ChessBase"]
[SourceDate "2005.11.24"]
[SourceVersion "1"]
[SourceVersionDate "2005.11.24"]
[SourceQuality "1"]

1. e4 Nc6 2. Nf3 f5 3. Nc3 fxe4 4. Nxe4 d5 5. Ng3 Nf6 6. d4 Bg4 7. Be2 Bxf3 8. Bxf3 e5 9. dxe5 Nxe5 10. Qe2 Bd6 11. Bf4 0-0 12. 0-0-0 Nxf3 13. Bxd6 Qxd6 14. gxf3 c6 15. Rhg1 Rae8 16. Qd3 g6 17. h4 Qf4+ 18. Qd2 Qxf3 19. h5 Nxh5 20. Nxh5 Qxh5 21. Rh1 Qf3 22. Rxh7 Kxh7 0-1

[Event "NRW-ch U12"]
[Site "Wolfsburg"]
[Date "2004.04.16"]
[Round "6"]
[White "Kartsev, Alexandr"]
[Black "Sapmaz, Gueney Alp"]
[Result "1-0"]
[WhiteElo "1349"]
[BlackElo "1237"]
[PlyCount "121"]
[EventDate "2004.04.??"]
[EventType "swiss"]
[EventRounds "7"]
[EventCountry "GER"]
[SourceTitle "EXT 2005"]
[Source "ChessBase"]
[SourceDate "2004.11.15"]
[SourceVersion "1"]
[SourceVersionDate "2004.11.15"]
[SourceQuality "1"]

1. d4 d5 2. c4 c6 3. Nf3 Nf6 4. Qc2 Nbd7 5. g3 e6 6. Bg2 Be7 7. 0-0 0-0 8. Nbd2 b6 9. b3 Re8 10. Re1 Nf8 11. e4 dxe4 12. Nxe4 Ng6 13. Bb2 Bb7 14. Rad1 Qc7 15. c5 b5 16. b4 Rad8 17. a4 a6 18. Nfg5 h6 19. Nxf6+ Bxf6 20. Ne4 Be7 21. axb5 axb5 22. Qc3 f6 23. Qb3 Bf8 24. Bh3 Bc8 25. Nd2 Qf7 26. Nf3 Re7 27. Ra1 Rde8 28. Ra8 Bd7 29. Rxe8 Rxe8 30. Re2 Bc8 31. Qa2 Kh8 32. Qa8 Bb7 33. Qa2 Bc8 34. Ne1 Kg8 35. f4 Re7 36. Qa8 Bb7 37. Qxb7 Rxb7 38. Bxe6 Qxe6 39. Rxe6 Ra7 40. Rxc6 Ra2 41. Nd3 Ne7 42. Rb6 Nd5 43. Rxb5 Nc3 44. Ra5 Rxa5 45. bxa5 Nb5 46. c6 Bd6 47. Nc5 Bxc5 48. dxc5 Kf7 49. a6 Ke7 50. Bc3 Kd8 51. Ba5+ Kc8 52. Bb6 Kb8 53. c7+ Nxc7 54. a7+ Kb7 55. Bxc7 Kxa7 56. Bd6 Kb7 57. Bf8 g5 58. Bxh6 gxf4 59. gxf4 f5 60. Bf8 Kc6 61. h4 1-0

[Event "Rheinhausen op"]
[Site "Duisburg"]
[Date "2004.03.26"]
[Round "7"]
[White "Schumacher, Peter"]
[Black "Sapmaz, Gueney Alp"]
[Result "1-0"]
[WhiteElo "1401"]
[BlackElo "1175"]
[PlyCount "49"]
[EventDate "2004.01.09"]
[EventType "swiss"]
[EventRounds "7"]
[EventCountry "GER"]
[SourceTitle "EXT 2006"]
[Source "ChessBase"]
[SourceDate "2005.11.24"]
[SourceVersion "1"]
[SourceVersionDate "2005.11.24"]
[SourceQuality "1"]

1. d4 d5 2. Nf3 Nf6 3. e3 e6 4. Bd3 c5 5. c3 c4 6. Bc2 Nc6 7. Nbd2 b5 8. 0-0 Bd6 9. Re1 Bb7 10. e4 dxe4 11. Nxe4 Be7 12. Bg5 0-0 13. Qe2 a6 14. Rad1 Nb8 15. Nxf6+ Bxf6 16. Bxf6 Qxf6 17. Ne5 Rd8 18. Be4 Ra7 19. Bxb7 Rxb7 20. Qe4 Rb6 21. Nf3 Rd5 22. Qxd5 h6 23. Qe5 Qd8 24. b3 cxb3 25. axb3 1-0